[Event "North American Open"]
[Site "Las Vegas USA"]
[Date "2003.12.28"]
[Round "3"]
[White "Milov,V"]
[Black "Sevillano,E"]
[Result "1-0"]
[WhiteElo "2574"]
[BlackElo "2498"]

1.d4 c5 2.d5 Nf6 3.c4 e6 4.Nc3 exd5 5.cxd5 d6 6.e4 g6 7.f4 Bg7 8.Bb5+ Nfd7
9.Nf3 a6 10.Bd3 b5 11.O-O O-O 12.a3 Nf6 13.Qe1 Nbd7 14.Kh1 Bb7 15.Qh4 Re8
16.Re1 h6 17.Bd2 Rc8 18.Rad1 Nh7 19.Qf2 Ndf6 20.h3 Rc7 21.Rc1 c4 22.Bc2 Rce7
23.Rcd1 Qa8 24.Nd4 Nf8 25.Re2 N8d7 26.b4 cxb3 27.Nxb3 Rc8 28.Bb1 Nc5 29.Na5 Nfd7
30.Na2 Nb6 31.Bb4 Nba4 32.Bc2 Nb2 33.Rdd2 Nc4 34.Nxc4 bxc4 35.Bc3 Bf8 36.Qd4 f6
37.Qxf6 Rg7 38.Qh4 Rf7 39.Qg4 Kh7 40.f5 g5 41.f6 Nd3 42.Bxd3 cxd3 43.Re3  1-0

[Event "North American Open"]
[Site "Las Vegas USA"]
[Date "2003.12.29"]
[Round "5"]
[White "Milov,V"]
[Black "Filippov,Va"]
[Result "1/2-1/2"]
[WhiteElo "2574"]
[BlackElo "2630"]

1.d4 d5 2.c4 e6 3.Nf3 Nf6 4.Bg5 c6 5.e3 Nbd7 6.Nbd2 Be7 7.Bd3 O-O 8.O-O h6
9.Bh4 b6 10.cxd5 cxd5 11.Rc1 Bb7 12.Qe2 Re8 13.Bg3 Rf8 14.Rc7 Bc8 15.Rc2 Ne8
16.Rfc1 Nd6 17.Rc6 Nf6 18.Ba6 Nfe4 19.Bxc8 Nxg3 20.hxg3 Rxc8 21.Rxc8 Nxc8
22.Qa6 Bd6 23.Qb7 Qe7 24.Qc6 Qd8 25.Ne5 Ne7 26.Qa4 Qa8 27.Ndf3 a6 28.Nd3  1/2-1/2

[Event "North American Open"]
[Site "Las Vegas USA"]
[Date "2003.12.29"]
[Round "6"]
[White "Kaidanov,G"]
[Black "Milov,V"]
[Result "1/2-1/2"]
[WhiteElo "2624"]
[BlackElo "2574"]

1.d4 Nf6 2.c4 g6 3.Nc3 Bg7 4.e4 d6 5.Be2 O-O 6.Nf3 Na6 7.O-O e5 8.Be3 Ng4
9.Bg5 Qe8 10.h3 f6 11.Bc1 Nh6 12.Re1 Nf7 13.Rb1 f5 14.Bf1 f4 15.b4 g5 16.b5 Nb8
17.dxe5 Nxe5 18.Nxg5 Qg6 19.h4 c6 20.Ne2 Bg4 21.Qb3 Bxe2 22.Bxe2 Kh8 23.Qh3 Nbd7
24.bxc6 bxc6 25.Ba3 Rae8 26.Rb7 h6 27.Nf3 Nxf3+ 28.Bxf3 Ne5 29.Bb2 Rb8 30.Rxb8 Rxb8
31.Bxe5 Bxe5 32.Qd7 c5 33.Qxa7 Rb2 34.Qa8+ Kg7 35.Qa7+ Qf7 36.Qxf7+  1/2-1/2

[Event "IV Open"]
[Site "Dos Hermanas ESP"]
[Date "2004.03.26"]
[Round "2"]
[White "Milov,V"]
[Black "Rodriguez Aguilera,An"]
[Result "1-0"]
[WhiteElo "2632"]
[BlackElo "2296"]

1.d4 Nf6 2.c4 c5 3.d5 e6 4.Nc3 exd5 5.cxd5 d6 6.e4 g6 7.f4 Bg7 8.Bb5+ Nfd7
9.Nf3 O-O 10.O-O a6 11.Bd3 b5 12.a3 c4 13.Bc2 Nc5 14.Be3 Qc7 15.Qe1 Bg4 16.Nd4 Nd3
17.Qh4 Bc8 18.f5 Nd7 19.f6 Nxf6 20.Rxf6 Bxf6 21.Qxf6 Qd8 22.Rf1 Qxf6 23.Rxf6 Rd8
24.Nc6 Rd7 25.Bxd3 cxd3 26.Kf2 Bb7 27.Na5 Rb8 28.Bf4 Rbd8 29.Ke3 Kg7 30.Rxd6 Rxd6
31.Nxb7 R6d7 32.Nxd8 Rxd8 33.Kxd3 Kf6 34.Bc7 Rd7 35.e5+ Kf5 36.Bd6 a5 37.Kd4 f6
38.e6  1-0

[Event "IV Open"]
[Site "Dos Hermanas ESP"]
[Date "2004.03.30"]
[Round "6"]
[White "Epishin,V"]
[Black "Milov,V"]
[Result "1/2-1/2"]
[WhiteElo "2633"]
[BlackElo "2632"]

1.d4 Nf6 2.c4 e6 3.Nc3 Bb4 4.e3 O-O 5.Ne2 Re8 6.a3 Bf8 7.d5 d6 8.dxe6 fxe6
9.Nf4 c6 10.Be2 d5 11.O-O Nbd7 12.b3 Bd6 13.Bb2 Qc7 14.g3 Nf8 15.Nh5 Nxh5
16.Bxh5 Rd8 17.Qc2 Qe7 18.Rfd1 Bd7 19.Qe2 Be8 20.Bxe8 Rxe8 21.e4 Qf7 22.Rd2 Bc7
23.Rad1 Rad8 24.Kg2 Ng6 25.Na4 dxc4 26.Rxd8 Bxd8 27.bxc4 e5 28.Bc1 Nf8 29.Be3 Ne6
30.Nc5 Nxc5 31.Bxc5 b6 32.Be3 Bf6 33.a4 Rd8 34.Rxd8+ Bxd8 35.Qd3  1/2-1/2

[Event "IV Open"]
[Site "Dos Hermanas ESP"]
[Date "2004.03.31"]
[Round "7"]
[White "Milov,V"]
[Black "Cheparinov,I"]
[Result "1-0"]
[WhiteElo "2632"]
[BlackElo "2550"]

1.d4 Nf6 2.c4 e6 3.Nc3 Bb4 4.e3 O-O 5.Ne2 d5 6.a3 Be7 7.cxd5 Nxd5 8.Bd2 Nd7
9.g3 b6 10.Nxd5 exd5 11.Bg2 Bb7 12.O-O Re8 13.Qc2 Bd6 14.Rac1 Qe7 15.Nc3 Nf6
16.Nb5 c6 17.Nxd6 Qxd6 18.f3 Nd7 19.Rfe1 c5 20.Bc3 Re7 21.b4 cxd4 22.Bxd4 Ne5
23.Qc3 f6 24.f4 Nf7 25.Qb3 Qe6 26.a4 Nd6 27.a5 Nc4 28.e4 b5 29.e5 f5 30.Qd3 Rf7
31.Re2 a6 32.Bf3 Rd8 33.Rg2 Bc8 34.Rf1 g6 35.h3 h6 36.g4 Kh7 37.g5 Rg8 38.gxh6 Qc6
39.Kh2 Be6 40.Rfg1 Kxh6 41.Qe2 Rgg7 42.Qe1 Kh7 43.Qh4+ Kg8 44.Rxg6 Nd2 45.Qd8+  1-0

[Event "IV Open"]
[Site "Dos Hermanas ESP"]
[Date "2004.04.01"]
[Round "8"]
[White "Karjakin,Sergey"]
[Black "Milov,V"]
[Result "1/2-1/2"]
[WhiteElo "2566"]
[BlackElo "2632"]

1.e4 e6 2.d4 d5 3.Nc3 dxe4 4.Nxe4 Nd7 5.Nf3 Ngf6 6.Bg5 h6 7.Nxf6+ Nxf6 8.Bh4 c5
9.Ne5 Qa5+ 10.c3 cxd4 11.Qxd4 Bc5 12.Nc4 Bxd4 13.Nxa5 Bb6 14.Nc4 Bc7 15.Bg3 Bxg3
16.hxg3 Ke7 17.Be2 Bd7 18.Bf3 Rac8 19.Ne5 Rc7 20.Rh4 Rd8 21.Rd1 Be8 22.Rxd8 Kxd8
23.Kd2 Ke7 24.a4 b6 25.b3  1/2-1/2

[Event "IV Open"]
[Site "Dos Hermanas ESP"]
[Date "2004.04.02"]
[Round "9"]
[White "Milov,V"]
[Black "Teran Alvarez,I"]
[Result "1-0"]
[WhiteElo "2632"]
[BlackElo "2382"]

1.d4 e6 2.c4 f5 3.Nc3 Nf6 4.Nf3 Bb4 5.Qb3 Qe7 6.Bg5 O-O 7.e3 a5 8.Be2 a4
9.Qc2 a3 10.O-O d6 11.Nb5 axb2 12.Qxb2 Ba5 13.Rfc1 c6 14.Nc3 Bc7 15.Qb3 Kh8
16.Na4 Nbd7 17.Bd3 h6 18.Bh4 g5 19.Bg3 Nh5 20.c5 Nxg3 21.hxg3 d5 22.Nb6 Nxb6
23.cxb6 Ra3 24.Qb2 Bd6 25.Rc3 Ra5 26.Ne5 Bxe5 27.dxe5 Bd7 28.Be2 Kg8 29.g4 f4
30.a4 c5 31.Qc2 c4 32.e4 Qg7 33.exd5 exd5 34.Qd2 Qxe5 35.Re1 Re8 36.Rcc1 c3
37.Rxc3 Rxa4 38.Rc7 Bxg4 39.Qc2 Qe4 40.Bc4 Qxe1+ 41.Kh2 Re7 42.Bxd5+ Kg7
43.Qxa4 Rxc7 44.Qd4+ Kg6 45.Be4+ Kh5 46.bxc7 Bc8 47.Bd3 Qe6 48.Bc4 Qd7 49.Qf6 Qc6
50.Be2+ g4 51.Qxf4 Be6 52.Bd3 Qc5 53.Qf6 Qd6+ 54.g3 Qxd3 55.Qxe6  1-0

[Event "5th IECC"]
[Site "Antalya TUR"]
[Date "2004.05.15"]
[Round "1"]
[White "Mastrovasilis,A"]
[Black "Milov,V"]
[Result "0-1"]
[WhiteElo "2488"]
[BlackElo "2680"]

1.c4 Nf6 2.Nf3 e6 3.g3 d5 4.d4 a6 5.cxd5 exd5 6.Bg2 Bd6 7.Nc3 O-O 8.O-O Re8
9.Ne1 c6 10.Nd3 Nbd7 11.Bf4 Nf8 12.Bxd6 Qxd6 13.Nf4 Bf5 14.Rc1 Ne6 15.Qd2 h6
16.Rfe1 Rad8 17.Rcd1 Nxf4 18.Qxf4 Qxf4 19.gxf4 g5 20.fxg5 hxg5 21.f3 Kg7
22.e4 Be6 23.e5 Nh5 24.Na4 Nf4 25.Nc5 Rh8 26.Nd3 Rh4 27.Nxf4 Rxf4 28.Kf2 Rh8
29.Rh1 f6 30.exf6+ Kxf6 31.Rd2 Bh3 32.Kg3 Bf5 33.Re1 Rhh4 34.Red1 a5 35.b3 Rh8
36.Re1 Rfh4 37.Bf1 g4 38.f4 Be4 39.Rc1 Kf5 40.Rc5 Rh3+ 41.Bxh3 Rxh3+ 42.Kf2 Rxh2+
43.Ke3 Rh3+ 44.Ke2 Rh1  0-1

[Event "5th IECC"]
[Site "Antalya TUR"]
[Date "2004.05.18"]
[Round "4"]
[White "Milov,V"]
[Black "Krasenkow,M"]
[Result "1/2-1/2"]
[WhiteElo "2680"]
[BlackElo "2609"]

1.d4 Nf6 2.c4 g6 3.Nc3 d5 4.cxd5 Nxd5 5.e4 Nxc3 6.bxc3 Bg7 7.Qa4+ Qd7 8.Qb3 O-O
9.Be3 b6 10.Nf3 Bb7 11.Bd3 c5 12.O-O cxd4 13.cxd4 Nc6 14.Rad1 Rac8 15.d5 Na5
16.Qb4 Bc3 17.Qb1 Qa4 18.Bg5 Qb4 19.Qxb4 Bxb4 20.Rb1 Ba3 21.Rfd1 e6 22.dxe6 fxe6
23.h4 Bc5 24.Rb2 Rc7 25.Rbd2 Kg7 26.Bb5 Bxe4 27.Rd7+ Rf7 28.Rxc7 Rxc7 29.Bf4 Bxf3
30.gxf3 Rf7 31.Be5+ Kh6 32.Kg2 a6 33.Bxa6 Nc6 34.Bc3 e5 35.Bc4 Rc7 36.Bd5 Nd4
37.Be4 Ra7 38.Bb1 Rf7 39.Be4 Ra7 40.Bd5 Rd7 41.Be4  1/2-1/2

[Event "5th IECC"]
[Site "Antalya TUR"]
[Date "2004.05.21"]
[Round "6"]
[White "Milov,V"]
[Black "Hulak,K"]
[Result "1/2-1/2"]
[WhiteElo "2680"]
[BlackElo "2550"]

1.d4 Nf6 2.c4 e6 3.Nc3 Bb4 4.e3 c5 5.Ne2 d5 6.a3 Bxc3+ 7.Nxc3 cxd4 8.exd4 dxc4
9.Bxc4 Nc6 10.Be3 O-O 11.O-O h6 12.Re1 Ne7 13.Bf4 Ng6 14.Be5 Bd7 15.Qf3 Nxe5
16.dxe5 Bc6 17.Qe2 Nd7 18.Bb5 Rc8 19.Rad1 Qe7 20.Rd6 Bxb5 21.Qxb5 Nb6 22.g3 Rc7
23.Red1 Rfc8 24.R1d4 Rc4 25.Rxc4 Nxc4 26.Rd7 Qc5 27.Rxb7 Nxe5 28.Qxc5 Rxc5
29.Rxa7 Nd3 30.Rb7 Nxb2 31.Rb8+ Kh7 32.Rxb2 Rxc3 33.Ra2 Kg6 34.a4 Rc6 35.a5 Ra6
36.g4 Kf6 37.Kg2 Ke5 38.h4 f5 39.Kf3 g5 40.h5 Kd4 41.Ra1 Kd3 42.Kg3 Kc3 43.f4 gxf4+
44.Kxf4 fxg4 45.Kxg4 Kb4 46.Rb1+ Kxa5 47.Rb7 Rb6 48.Rh7 Rb4+ 49.Kg3 Rb3+
50.Kf4 Rb4+ 51.Ke3 Rb3+ 52.Kd4 Rb4+ 53.Kc3 Rh4 54.Rxh6 Kb5 55.Rh8 Kc5 56.h6 Rh3+
57.Kd2 Kd4 58.h7 Rh2+ 59.Ke1 Ke3 60.Kf1 e5 61.Kg1  1/2-1/2

[Event "5th IECC"]
[Site "Antalya TUR"]
[Date "2004.05.23"]
[Round "8"]
[White "Istratescu,A"]
[Black "Milov,V"]
[Result "1-0"]
[WhiteElo "2587"]
[BlackElo "2680"]

1.d4 Nf6 2.c4 e6 3.Nf3 d5 4.Nc3 Bb4 5.cxd5 exd5 6.Bg5 Nbd7 7.e3 c5 8.Bb5 Qb6
9.Bxd7+ Nxd7 10.O-O Bxc3 11.bxc3 h6 12.Bh4 O-O 13.a4 Re8 14.a5 Qc6 15.Qb3 c4
16.Qb4 Nf8 17.Rfb1 f6 18.Bg3 Ng6 19.Qd6 Bd7 20.h3 Rad8 21.Qc7 Bc8 22.a6 Rd7
23.Qxc6 bxc6 24.Rb8 Kf7 25.Ne1 Ne7 26.Nc2 Nf5 27.Bh2 Nd6 28.Bxd6 Rxd6 29.Nb4 Bf5
30.Rb7+ Re7 31.Ra5 Bc8 32.Rb8 Rc7 33.Rc5 Ke7 34.e4 dxe4 35.d5 f5 36.dxc6 Be6
37.Rcb5 Bc8 38.Nd5+ Rxd5 39.Rxd5 Rxc6 40.Ra8 Rc7 41.Kf1 Ke6 42.Rd2 Bxa6 43.Ra2 Bc8
44.R8xa7 Rxa7 45.Rxa7 Kf6 46.h4 f4 47.Rc7 Be6 48.h5 g6 49.hxg6 Kxg6 50.Rc5 h5
51.g3 Bh3+ 52.Ke1 Bf5 53.gxf4 h4 54.Kf1 Be6 55.Rg5+ Kf6 56.Rh5 h3 57.Kg1 Bg4
58.Rg5 Be2 59.Kh2 Bf1 60.Kg3 Bg2 61.Rh5 Kg6 62.Rxh3  1-0

[Event "5th IECC"]
[Site "Antalya TUR"]
[Date "2004.05.25"]
[Round "10"]
[White "Andersson,U"]
[Black "Milov,V"]
[Result "1/2-1/2"]
[WhiteElo "2570"]
[BlackElo "2680"]

1.Nf3 g6 2.d4 Bg7 3.g3 c5 4.c3 Qa5 5.Nbd2 cxd4 6.Nb3 Qb6 7.cxd4 Nf6 8.Bg2 O-O
9.O-O d6 10.d5 Na6 11.Nfd4 Nc5 12.h3 Nxb3 13.Nxb3 Bd7 14.Be3 Qa6 15.Bd4 Rfc8
16.Re1 Bb5 17.e4 Nd7 18.Bxg7 Kxg7 19.a4 Bc4 20.Qd4+ Kg8 21.Nd2 Qb6 22.Qxb6 axb6
23.f4 b5 24.Rec1 Nc5 25.axb5 Bxb5 26.e5 Bd3 27.exd6 exd6 28.Bf1 Rxa1 29.Rxa1 Bxf1
30.Kxf1 Kf8 31.Rc1 Re8 32.Rc3 b5 33.Kf2 Ne4+ 34.Nxe4 Rxe4 35.Rd3 h5 36.Kf3 Rb4
37.b3 Ke7 38.g4 Kf6 39.Kg3 Re4 40.Kf3 Re1 41.Rc3 Rg1 42.Rc6 h4 43.Rxd6+ Ke7
44.Rb6 Rg3+ 45.Ke4 Rxb3 46.f5 gxf5+  1/2-1/2

[Event "5th IECC"]
[Site "Antalya TUR"]
[Date "2004.05.27"]
[Round "11"]
[White "Milov,V"]
[Black "Chatalbashev,B"]
[Result "1-0"]
[WhiteElo "2680"]
[BlackElo "2543"]

1.d4 d6 2.g3 g6 3.Bg2 Bg7 4.e4 c5 5.dxc5 Qa5+ 6.c3 Qxc5 7.Ne2 Nf6 8.Be3 Qc7
9.O-O Nbd7 10.Na3 a6 11.Nf4 e6 12.Nd3 O-O 13.c4 Rb8 14.Ba7 Ra8 15.Bd4 Rb8
16.b4 b6 17.Rc1 Bb7 18.Qe2 Rbc8 19.h3 Qb8 20.Rfe1 Rfe8 21.g4 d5 22.e5 Ne4
23.f3 dxc4 24.Nxc4 Bd5 25.Ne3 Nd6 26.Nxd5 exd5 27.f4 Nb5 28.Bf2 Rxc1 29.Rxc1 g5
30.a4 Nc7 31.Qc2 Ne6 32.f5 Nf4 33.Nxf4 gxf4 34.e6 fxe6 35.fxe6 Nf6 36.Qf5 Kh8
37.Bd4 Nh5 38.Qxd5 f3 39.Bxg7+ Nxg7 40.Qxf3 Qe5 41.Qf2 Qxe6 42.Rc6 Qe5 43.Rxb6 Ne6
44.Rxa6 Nd4 45.Ra5 Ne2+ 46.Kh1 Qa1+ 47.Kh2 Qg7 48.Rc5 Qe7 49.Bf1 Qd6+ 50.Kh1 Nd4
51.Bg2 Ne2 52.Rd5 Qg6 53.Rd2  1-0

[Event "5th IECC"]
[Site "Antalya TUR"]
[Date "2004.05.28"]
[Round "12"]
[White "Izoria,Z"]
[Black "Milov,V"]
[Result "1/2-1/2"]
[WhiteElo "2573"]
[BlackElo "2680"]

1.d4 g6 2.Nf3 Bg7 3.c4 c5 4.d5 d6 5.e4 e6 6.Nc3 Ne7 7.h3 O-O 8.Bd3 Nd7 9.O-O h6
10.Nb5 Nb6 11.a4 a6 12.Nc3 exd5 13.exd5 Nd7 14.Bf4 Nf6 15.Re1 Nf5 16.Bh2 b6
17.Qd2 Ra7 18.Rab1 Re8 19.Rxe8+ Nxe8 20.b4 Nd4 21.Nxd4 Bxd4 22.Ne2 Bg7 23.Bf4 Kh7
24.a5 bxa5 25.bxc5 dxc5 26.Be3 Qc7 27.Nc3 Nf6 28.Na4 Nd7 29.Be4 Bf8 30.Bf4 Bd6
31.Bxd6 Qxd6 32.Qxa5 Rc7 33.g3 Ne5 34.Bg2 Bd7 35.Nc3 Bf5 36.Rb6 Nxc4 37.Rxd6 Nxa5
38.Rxa6 Nc4 39.d6 Rd7 40.Nb5 Bd3 41.Rc6 Kg7 42.Rxc5  1/2-1/2

[Event "5th IECC Playoff Qualification"]
[Site "Antalya TUR"]
[Date "2004.05.30"]
[Round "2"]
[White "Milov,V"]
[Black "Macieja,B"]
[Result "1-0"]
[WhiteElo "2680"]
[BlackElo "2633"]

1.d4 g6 2.c4 Bg7 3.Nc3 c5 4.d5 f5 5.Qc2 Nf6 6.g3 d6 7.Bg2 Na6 8.Nh3 Nc7 9.O-O O-O
10.Nf4 Qe8 11.a4 g5 12.Nh3 h6 13.f4 g4 14.Nf2 e6 15.e4 fxe4 16.Nfxe4 Nxe4
17.Bxe4 Bxc3 18.bxc3 Qf7 19.f5 exd5 20.cxd5 Qf6 21.c4 Ne8 22.Bb2 Qg5 23.Rae1 Nf6
24.Bd3 Bd7 25.Re7 Rf7 26.Re6 Bxe6 27.fxe6 Rff8 28.Bc1 Qe5 29.Bxh6 Qd4+ 30.Qf2 Qxd3
31.Bxf8 Rxf8 32.e7 Re8  1-0

[Event "CCM4 Ordix Open"]
[Site "Mainz GER"]
[Date "2004.08.07"]
[Round "3"]
[White "Milov,V"]
[Black "Cmilyte,V"]
[Result "1-0"]
[WhiteElo "2683"]
[BlackElo "2448"]

1.d4 Nf6 2.c4 e6 3.Nc3 Bb4 4.e3 O-O 5.Ne2 c5 6.a3 cxd4 7.exd4 Be7 8.Nf4 d6
9.Be3 a6 10.Be2 Nbd7 11.O-O b6 12.Bf3 Rb8 13.Nd3 Qc7 14.Rc1 Bb7 15.d5 e5
16.Nb4 Rfe8 17.Nc6 Rbc8 18.b4 Bf8 19.b5 e4 20.Be2 a5 21.Na4 Nc5 22.Bd4 Nfd7
23.Bg4 Nxa4 24.Qxa4 Nc5 25.Bxc5 dxc5 26.Bxc8 Bxc8 27.Qb3 Bd6 28.g3 Bg4 29.Rc3 f5
30.Re1 Qd7 31.Rce3 Bh5 32.Qc3 Qf7 33.f4 g5 34.fxg5 Bg6 35.Rf1 f4 36.gxf4 Bxf4
37.Re2 e3 38.d6 Qf5 39.Ne7+ Rxe7 40.dxe7 Qxg5+ 41.Rg2 Qxe7 42.Rxf4 e2 43.Qe1 Qe3+
44.Rff2  1-0

[Event "Monarch Assurance"]
[Site "Port Erin IOM"]
[Date "2004.09.25"]
[Round "1"]
[White "Skripchenko,A"]
[Black "Milov,V"]
[Result "1/2-1/2"]
[WhiteElo "2453"]
[BlackElo "2683"]

1.e4 c5 2.Nf3 e6 3.d3 Nc6 4.g3 Nf6 5.Bg2 Be7 6.O-O O-O 7.Re1 d6 8.c3 b6 9.d4 d5
10.exd5 exd5 11.Ne5 Bb7 12.Bf4 Re8 13.Nxc6 Bxc6 14.Nd2 Bf8 15.Nf3 Rxe1+ 16.Qxe1 Ne4
17.Ne5 Bb7 18.Rd1 cxd4 19.cxd4 Qe8 20.Qe2 f6 21.Nd3 Rc8 22.Re1 Qd7 23.f3 Nd6
24.Nf2 Re8 25.Qd1 Rxe1+ 26.Qxe1 Qe7 27.Qxe7 Bxe7 28.Bh3 Kf7 29.Nd3 Nb5 30.Be3 Nc7
31.Kf2 Ba6 32.Nf4 Bc4 33.b3 Ba6 34.Bd7 g5 35.Ne2 Bd3 36.Bd2 Bd6 37.Ke3 Bc2
38.Nc3 Ba3 39.Bb5 Ke6 40.Be2 h5 41.Bd3 Bxd3 42.Kxd3 Bd6 43.a4 Ne8 44.Nd1 Ng7
45.Ne3 Ne8 46.Nd1 Bc7 47.Ne3 Nd6 48.Ng2 Nf7 49.Ne3 Nd8 50.Nc2 Nc6 51.Be1 Ne7
52.Bd2 h4 53.Be1 Nf5 54.Ne3 hxg3 55.hxg3 Nxg3 56.Bxg3 Bxg3 57.b4 Bf4 58.Nc2 f5
59.b5 g4 60.Ke2 Bc1 61.Kf2 Kf6 62.Nb4 Bb2 63.fxg4 fxg4 64.Kg3 Bxd4 65.Kxg4 Ke5
66.Kf3 Bc3 67.Nc6+ Kd6 68.Nxa7 Kc5 69.Nc6 Kc4 70.Ke2 Bf6 71.Kd2 Bg5+ 72.Kc2 d4
73.Ne5+ Kb4 74.Kd3  1/2-1/2

[Event "Monarch Assurance"]
[Site "Port Erin IOM"]
[Date "2004.09.26"]
[Round "2"]
[White "Milov,V"]
[Black "Greet,A"]
[Result "1-0"]
[WhiteElo "2683"]
[BlackElo "2310"]

1.d4 Nf6 2.c4 e6 3.Nc3 Bb4 4.e3 O-O 5.Bd3 d5 6.a3 Bxc3+ 7.bxc3 dxc4 8.Bxc4 c5
9.Nf3 Qc7 10.Ba2 Nc6 11.h3 e5 12.d5 Rd8 13.e4 Ne7 14.Qe2 Ng6 15.g3 Qa5 16.Bb2 b6
17.Nd2 Ba6 18.c4 h6 19.O-O Bc8 20.Kh2 Re8 21.Bb3 h5 22.Bc2 h4 23.Nf3 hxg3+
24.fxg3 Qa6 25.Ng5 Qb7 26.Ba4 Bd7 27.Bxd7 Qxd7 28.Rf5 Re7 29.Raf1 Qd6 30.h4 Nf8
31.Kg2 Rb8 32.h5 N8h7 33.Bc1 Rbb7 34.Qf3 Rbd7 35.h6 gxh6 36.Nxh7 Nxh7 37.Rh1 f6
38.Bxh6 Kh8 39.Bf8  1-0

[Event "Monarch Assurance"]
[Site "Port Erin IOM"]
[Date "2004.09.27"]
[Round "3"]
[White "Conquest,S"]
[Black "Milov,V"]
[Result "1/2-1/2"]
[WhiteElo "2488"]
[BlackElo "2683"]

1.d4 Nf6 2.c4 e6 3.Nf3 d5 4.Bg5 dxc4 5.Nc3 a6 6.a4 h6 7.Bxf6 Qxf6 8.e3 Nc6
9.Bxc4 Bd6 10.O-O O-O 11.Ne4 Qe7 12.Nxd6 cxd6 13.d5 Nd8 14.dxe6 fxe6 15.Rc1 Nc6
16.Qd2 d5 17.Be2 Bd7 18.Rfd1 Be8 19.Re1 Rd8 20.Nd4 Qf6 21.Bg4 Rd6 22.Nxc6 Bxc6
23.e4 e5 24.exd5 Rxd5 25.Qe2 e4 26.b4 Kh8 27.a5 Qd6 28.Red1 Qxb4 29.Rxd5 Bxd5
30.Qe1 Qxe1+ 31.Rxe1 Bc6 32.Rd1 Re8 33.Bf5 g5 34.Rd6 Kg7 35.g4 Re5 36.Rg6+ Kf7
37.Rxh6 Rxa5 38.h4 gxh4 39.Rxh4 Kf6 40.Rh5 Rb5 41.Kh2 a5 42.Kg3 Rb3+ 43.Kh4 Rf3
44.Rh6+ Ke5 45.Re6+ Kd4 46.Rd6+ Kc5 47.Rd2 a4 48.Be6 Rd3 49.Rc2+ Kd6 50.Bf7 Ke7
51.Ba2 Kf6 52.g5+ Kg6 53.Kg4 Rd4 54.Kf4 Rb4 55.Rd2 a3 56.Rd6+ Kg7 57.Rd8 Rb2
58.Rg8+ Kh7 59.g6+ Kh6 60.Bf7 a2 61.Rh8+ Kg7 62.Ra8 Rxf2+ 63.Kg5 Rg2+ 64.Kf5 a1=Q
65.Rxa1 e3 66.Ra8 Bd7+ 67.Ke5 Rg5+ 68.Kf4 Kf6  1/2-1/2

[Event "Monarch Assurance"]
[Site "Port Erin IOM"]
[Date "2004.10.03"]
[Round "9"]
[White "Bosboom Lanchava,T"]
[Black "Milov,V"]
[Result "0-1"]
[WhiteElo "2370"]
[BlackElo "2683"]

1.d4 Nf6 2.c4 e6 3.Nf3 d5 4.Bg5 Bb4+ 5.Nc3 Nbd7 6.e3 c5 7.cxd5 exd5 8.Bd3 Bxc3+
9.bxc3 Qa5 10.Qc2 c4 11.Bf5 O-O 12.O-O Re8 13.Rfb1 Ne4 14.Rb4 g6 15.Bxe4 dxe4
16.Ne5 f6 17.Nxd7 Qxg5 18.h4 Qf5 19.Nc5 b6 20.Qa4 Rd8 21.Na6 Bd7 22.Qa3 Rac8
23.Rbb1 Be8 24.Qe7 Rd7 25.Qb4 g5 26.hxg5 Qxg5 27.Kf1 Bh5 28.Qb5 Rd5 29.Qb4 Qh4
30.Ke1 Rf5  0-1

[Event "Aiacciu Masters"]
[Site "Ajaccio FRA"]
[Date "2004.10.25"]
[Round "1.1"]
[White "Milov,V"]
[Black "Mania,C"]
[Result "0-1"]
[WhiteElo "2683"]
[BlackElo "1940"]

1.d4 Nf6 2.c4 e6 3.Nc3 Bb4 4.e3 b6 5.f3 d5 6.Qa4+ Bd7 7.Qxb4 a5 8.Qa3 c6
9.cxd5 exd5 10.Bd3 Na6 11.Bxa6 Rxa6 12.Nge2 h5 13.O-O h4 14.e4 h3 15.g3 Qc7
16.Bf4 Qb7 17.Be5 dxe4 18.fxe4 Ng4 19.Bxg7 Rg8 20.Rxf7 Kxf7 21.Rf1+ Kg6 22.Qd6+ Kh7
23.Bf8 Bc8 24.Nb1 Ra8 25.Qf6 Nxf6 26.Nbc3 c5 27.d5 Rxf8 28.Nb1 Ng8 29.Nbc3 Nf6
30.g4 Bxg4 31.Ra1 Nd7 32.Rf1 Kg8 33.Kh1 Rad8 34.Nb5 Kh7 35.Ng1 Rh8  0-1

[Event "Aiacciu Masters"]
[Site "Ajaccio FRA"]
[Date "2004.10.25"]
[Round "2.1"]
[White "Milov,V"]
[Black "Galdunts,S"]
[Result "1-0"]
[WhiteElo "2683"]
[BlackElo "2489"]

1.d4 d5 2.c4 e6 3.Nc3 c5 4.cxd5 exd5 5.Nf3 Nc6 6.g3 Nf6 7.Bg2 Be7 8.O-O O-O
9.dxc5 Bxc5 10.Bg5 d4 11.Bxf6 Qxf6 12.Nd5 Qd8 13.Nd2 Re8 14.Rc1 Bf8 15.Nc4 Bf5
16.Nf4 Be4 17.Bxe4 Rxe4 18.Qd3 Re8 19.a3 a5 20.Qf3 Qf6 21.Rfd1 Rad8 22.Kg2 g6
23.Nd3 Qe6 24.Rc2 b5 25.Nd2 Ne5 26.Nxe5 Qxe5 27.Nb3 a4 28.Nc1 f5 29.Nd3 Qe4
30.h4 Bh6 31.Rc5 Rb8 32.Rc6 Qxe2 33.Nc5 Qxf3+ 34.Kxf3 Rbd8 35.Ne6 Rd7 36.Rxd4 Rde7
37.Nc5 Re2 38.Nd3 Rd2 39.Rd7 Ree2 40.Rc8+ Bf8 41.Rdd8 Kg7 42.Rxf8 h5 43.b4  1-0

[Event "Aiacciu Masters"]
[Site "Ajaccio FRA"]
[Date "2004.10.26"]
[Round "4.2"]
[White "Gurevich,M"]
[Black "Milov,V"]
[Result "0-1"]
[WhiteElo "2644"]
[BlackElo "2683"]

1.d4 Nf6 2.c3 g6 3.Bg5 Bg7 4.Nd2 d5 5.e3 O-O 6.Bd3 b6 7.Ngf3 c5 8.O-O Ba6
9.Bxa6 Nxa6 10.Qe2 Nc7 11.Rad1 Ne6 12.Bh4 Qc7 13.Ne5 Nd8 14.Qf3 Nc6 15.Bxf6 Bxf6
16.Nxc6 Qxc6 17.dxc5 bxc5 18.e4 dxe4 19.Qxe4 Qa6 20.a3 Rfd8 21.Nc4 Qa4 22.Qe2 Kg7
23.g3 e6 24.h4 h5 25.Ne3 Rab8 26.Nc4 Rd5 27.Ne3 Re5 28.Rd2 Qe4 29.Re1 g5
30.hxg5 Rxg5 31.Ng2 Qg4 32.Qxg4 Rxg4 33.Kh2 Rg5 34.Re4 Rd5 35.Rde2 Rd1 36.Ne3 Rd3
37.Ra4 Rb7 38.Kg2 Rd6 39.Nc4 Rd5 40.Na5 Rc7 41.Nc4 Rb7 42.Ne3 Rd6 43.Ra5 Rc6
44.Nc4 Bd8 45.Ra4 Bf6 46.Kf1 Rd7 47.Kg2 Rcc7 48.Re1 Rd5 49.Rh1 Kg6 50.Kf3 Rcd7
51.Ke2 Rc7 52.Ne3 Rd8 53.Nc4 Rd5 54.Ra5 Rb7 55.Ra6 Rd8 56.Rc6 Rd5 57.Rc8 Kg7
58.Ke3 Rg5 59.Kf3 Rf5+ 60.Kg2 Rd5 61.Kf3 Rf5+ 62.Ke3 Rg5 63.Ke2 Be7 64.Rd1 Rg4
65.Ne3 Rxb2+ 66.Kf3 Rg6 67.Rd7 Bg5 68.Nd1 Ra2 69.Rxc5 Rxa3 70.Rcc7 Rf6+ 71.Kg2 a5
72.f4 Bh6 73.Nf2 Kg6 74.Ne4 Rf5 75.Nd6 Rd5 76.Nxf7 Rxd7 77.Rxd7 Bg7 78.Nd8 Bxc3
79.Nxe6 Be1 80.Rd5 Rxg3+ 81.Kf1 Bb4 82.Kf2 Rh3 83.Nd4 h4 84.Rg5+ Kf6 85.Rf5+ Kg6
86.Rg5+ Kf7 87.Nc6 Rc3 88.Nxa5 h3 89.Nb7 Rc7 90.Rh5 Kg6 91.Rg5+ Kf6 92.Na5 Rh7
93.Kg1 Bd2 94.Nc4 Bxf4 95.Rg8 Rc7 96.Rf8+ Kg5 97.Rg8+ Kf5 98.Kf2 h2 99.Rf8+ Ke4
100.Re8+ Kd5 101.Kf3 Bg3 102.Kxg3  0-1

[Event "Aiacciu Masters"]
[Site "Ajaccio FRA"]
[Date "2004.10.26"]
[Round "4.1"]
[White "Milov,V"]
[Black "Gurevich,M"]
[Result "1/2-1/2"]
[WhiteElo "2683"]
[BlackElo "2644"]

1.c4 Nf6 2.Nc3 e5 3.e3 Bb4 4.Nge2 c6 5.a3 Ba5 6.b4 Bc7 7.Bb2 O-O 8.Ng3 Re8
9.c5 d5 10.cxd6 Bxd6 11.Be2 Nbd7 12.Qc2 Nf8 13.O-O e4 14.Rad1 Qe7 15.d3 exd3
16.Qxd3 Be5 17.Nf5 Bxf5 18.Qxf5 a5 19.b5 cxb5 20.Bxb5 Red8 21.g3 Ng6 22.Rxd8+ Rxd8
23.Rc1 h5 24.Bf1 h4 25.Rc2 hxg3 26.hxg3 Rd7 27.Nb5 Bxb2 28.Rxb2 Rd1 29.Rb1 Rd2
30.Rc1 Ne4 31.Rc7 Qf6 32.Qxf6 gxf6 33.Nd4 Nxf2 34.Bg2 Ng4 35.Bxb7 Rg2+ 36.Kh1 Rxg3
37.Nf3 N4e5 38.Nd4 Ng4 39.Be4 Kg7 40.Rc8 Nf2+ 41.Kh2 Nd1 42.Bf5 Nc3 43.Bd3 Rg2+
44.Kxg2 a4 45.Bf5 Nb5 46.Kf3 Nc3 47.Ra8 Nb5 48.Rb8 Nf4 49.Kxf4 Nc3 50.Ra8 Ne2+
51.Ke4 Nc3+ 52.Kf4 Nd5+ 53.Ke4 Nb6 54.Kf4  1/2-1/2

[Event "Aiacciu Masters"]
[Site "Ajaccio FRA"]
[Date "2004.10.26"]
[Round "5.1"]
[White "Milov,V"]
[Black "Kobalia,M"]
[Result "1-0"]
[WhiteElo "2683"]
[BlackElo "2621"]

1.c4 Nf6 2.Nc3 e5 3.e3 c6 4.d4 exd4 5.exd4 d5 6.Nf3 Be7 7.cxd5 cxd5 8.Bd3 O-O
9.h3 Nc6 10.O-O h6 11.Bf4 Be6 12.Re1 Re8 13.a3 Rc8 14.Rc1 Bd6 15.Be5 Bf8
16.Bb1 Nd7 17.Bg3 a6 18.Ne2 Be7 19.Nf4 Nf8 20.Nxe6 Nxe6 21.Qd3 Nf8 22.Ne5 Qb6
23.Qf5 Bf6 24.Nd7 Qd8 25.Nxf8 Kxf8 26.Rxe8+ Kxe8 27.Re1+ Ne7 28.Qh7 Qa5 29.b4 Qxa3
30.Bf5  1-0

[Event "Aiacciu Masters"]
[Site "Ajaccio FRA"]
[Date "2004.10.26"]
[Round "5.2"]
[White "Kobalia,M"]
[Black "Milov,V"]
[Result "0-1"]
[WhiteElo "2621"]
[BlackElo "2683"]

1.e4 e6 2.d4 d5 3.Nd2 dxe4 4.Nxe4 Nd7 5.Nf3 Ngf6 6.Nxf6+ Nxf6 7.c3 c5 8.Ne5 a6
9.Be3 Qc7 10.Qa4+ Bd7 11.Nxd7 Nxd7 12.O-O-O O-O-O 13.Be2 Nb6 14.Qb3 Nd5 15.Kb1 Be7
16.Bf3 Rd7 17.Bc1 Rhd8 18.c4 Nb4 19.d5 exd5 20.Bg4 d4 21.Qf3 Bf6 22.Bf4 Qc6
23.Qxc6+ Nxc6 24.Rhe1 b6 25.Re4 Kb7 26.Bxd7 Rxd7 27.Re8 b5 28.Rc1 Kb6 29.b3 h6
30.g3 d3 31.Rd1 bxc4 32.bxc4 Na5 33.Re3 Nxc4 34.Rexd3 Bd4 35.Be3 Ne5 36.Rb3+ Kc6
37.Rb8 Bxe3 38.Rc8+ Kb7 39.Rxd7+ Nxd7 40.Rg8 Bd4 41.f4 c4 42.Re8 Bf6 43.g4 Kc6
44.Kc2 Kd5 45.Ra8 Nc5 46.Ra7 Nd3 47.a3 Nxf4 48.Rxa6 Ne6 49.Ra7 Ke5  0-1

[Event "Aiacciu Masters"]
[Site "Ajaccio FRA"]
[Date "2004.10.26"]
[Round "6.1"]
[White "Topalov,V"]
[Black "Milov,V"]
[Result "1/2-1/2"]
[WhiteElo "2757"]
[BlackElo "2683"]

1.e4 e6 2.d4 d5 3.Nc3 dxe4 4.Nxe4 Nd7 5.Nf3 Ngf6 6.Bg5 h6 7.Nxf6+ Nxf6 8.Bh4 c5
9.Ne5 Qa5+ 10.c3 cxd4 11.Qxd4 Bc5 12.Nc4 Bxd4 13.Nxa5 Bb6 14.Nc4 Bc7 15.Be2 Bd7
16.Bg3 Bxg3 17.hxg3 Ke7 18.Bf3 Rac8 19.Ne5 Rc7 20.O-O-O Rd8 21.Rh4 Be8 22.Rxd8 Kxd8
23.Rb4 b6 24.Kc2 Ke7 25.Rd4 Nh7 26.Be4 Ng5 27.Bd3 f6 28.Ng6+ Bxg6 29.Bxg6 f5
30.f3 Rc8 31.f4 Ne4 32.g4 Nd6 33.gxf5 exf5 34.a4 Ke6 35.Bh5 g5 36.Bf3 gxf4
37.Rxf4 Kf6 38.Rd4 Ke5 39.Rh4 Rh8 40.Kd3 Rd8 41.Rd4 Nf7 42.Rxd8 Nxd8 43.b4 Nf7
44.c4 Ng5 45.Bb7 Ne6 46.Ke3 h5 47.g3 f4+ 48.gxf4+ Nxf4 49.a5 bxa5 50.bxa5 Ne6
51.Bf3 h4 52.Bg4 Nc5 53.Bh3 Nb3 54.a6 Nc5 55.Bc8 Kd6 56.Kf4 Kc7 57.Bf5 Nxa6
58.Kg4 Kd6 59.Kxh4 Ke5 60.Bc2 Kf4 61.Ba4 Nc5 62.Bb5 a5 63.Be8 Ke4  1/2-1/2